000 00440nam a22001337a 4500
005 20131219163305.0
008 131219b xxu||||| |||| 00| 0 eng d
050 _aBX8301962.A8
_bL265 2006
100 _aLane, Dermot A.
_96089
245 _aVatican II facing the 21st century
_bhistorical and theological perspectives
_cLane, Dermot A.
260 _aDublin
_bVeritas Publications
_c2006
300 _a246p. ;
_c21cm.
942 _2lcc
_cMONOGRAPH
999 _c119390
_d119390